000 00780nam a2200229 a 4500
001 13761
003 BD-JhCC
005 20240321112519.0
008 240321b2024 bg |||| ||a| 000 0 Ben d
020 _a9789849827849
035 _a(BD-JhCC)13761
040 _aBD-JhCC
_dBD-JhCC
041 _aBengali
082 _a954.04
_bCHO 2024
100 _a চৌধুরী,সিরাজুল ইসলাম
245 _aসাতচল্লিশের দেশভাগে গান্ধী ও জিন্নাহ /
_cসিরাজুল ইসলাম চৌধুরী।
260 _aঢাকা:
_bকথা প্রকাশ;
_c2024.
300 _a143 p. :
_c22 cm
650 _aColonialism and the Partition of India
942 _2ddc
_cBK
999 _c13761
_d13761